00681nam a2200205Ia 4500003000900000008004100009020001800050040001600068080001700084100002800101245009400129260002800223300001000251650002700261650004100288650002200329942000700351999001500358952010200373IN-BaIIA211028s9999 xx 000 0 eng d a0-354-04370-6 cIIA Library a52(091)bBAL aBalfour, Michael911728 0aStonehenge and its mysteriescMichael Balfour  aLondonbMacDonaldc1979 a189p. aArchaeoastronomy92299 aAstronomy and astrophysics thesaurus aStonehenge911729 cBK c6843d6843 00104070aBANbBANcGENd1981-09-07l0o52(091)/ BALp7607r2021-11-05w1981-09-07yBKG£ 6.95